[Event "15th Unive op"]
[Site "Hoogeveen NED"]
[Date "2011.10.20"]
[Round "7.39"]
[White "Van Foreest, Lucas"]
[Black "Arp, Frans"]
[Result "1-0"]
[WhiteElo "1918"]
[BlackElo "2107"]
[EventDate "2011.10.14"]
[PlyCount "93"]

1.e4 e5 2.Nf3 Nc6 3.Bb5 a6 4.Ba4 Nf6 5.O-O Be7 6.Re1 b5 7.Bb3 O-O 8.d3 d6 
9.c3 Bg4 10.Nbd2 Na5 11.Bc2 c5 12.h3 Bh5 13.g4 Bg6 14.Nf1 Nc6 15.Ne3 Re8 
16.Kh2 d5 17.g5 Nh5 18.Nxd5 Bd6 19.a4 Ne7 20.Nxe7+ Qxe7 21.axb5 axb5 22.
Rxa8 Rxa8 23.Bb3 Bc7 24.Be3 Rd8 25.Bd5 Rxd5 26.exd5 e4+ 27.Kg1 exf3 28.Bf4
Qd8 29.Bxc7 Qxg5+ 30.Bg3 f5 31.Qxf3 f4 32.d6 h6 33.Qg4 Bf5 34.Qxg5 hxg5 
35.Re5 Bxh3 36.Rxg5 g6 37.Rxg6+ Kh7 38.Rg5 Kh6 39.Bh4 c4 40.Rxb5 cxd3 41.
Rd5 Bd7 42.Rxd3 Ng7 43.b4 Ne6 44.c4 Kg6 45.c5 Kf5 46.c6 Ke4 47.cxd7 1-0

[Event "15th Unive op"]
[Site "Hoogeveen NED"]
[Date "2011.10.20"]
[Round "7.40"]
[White "Dijkhuis, Tycho"]
[Black "Lesman, Francis"]
[Result "1/2-1/2"]
[WhiteElo "1873"]
[BlackElo "2074"]
[EventDate "2011.10.14"]
[PlyCount "154"]

1.e4 c6 2.d4 d5 3.e5 c5 4.dxc5 Nc6 5.Bb5 e6 6.Be3 Ne7 7.c3 Bd7 8.Bxc6 Nxc6
9.f4 g5 10.fxg5 Qc7 11.Nf3 O-O-O 12.O-O Bg7 13.Nbd2 Nxe5 14.Bd4 Nxf3+ 15.
Qxf3 e5 16.Qxf7 Rhg8 17.Be3 Qc6 18.Qh5 Rh8 19.a4 h6 20.Qf7 Rdg8 21.Qe7 
hxg5 22.Rf7 Bf8 23.Qxe5 Bxc5 24.Bxc5 Qxc5+ 25.Kh1 Re8 26.Ne4 Rxe5 27.Nxc5 
Bc6 28.Raf1 Re2 29.R7f2 Rhe8 30.h3 d4 31.cxd4 R8e3 32.Kh2 b6 33.Nd3 Rxf2 
34.Nxf2 Re2 35.b3 Kd7 36.g3 Bd5 37.b4 Rd2 38.a5 bxa5 39.bxa5 Bc4 40.Rc1 
Bd5 41.Kg1 Ra2 42.Rc5 Kd6 43.Kf1 Ra4 44.Ng4 Rxd4 45.Rc8 Ra4 46.Rd8+ Ke6 
47.Re8+ Kd6 48.Ne3 Be6 49.Rh8 Rxa5 50.h4 gxh4 51.gxh4 Ra2 52.h5 Rh2 53.h6 
Ke7 54.Kg1 Rh5 55.Ng2 Bf5 56.Nf4 Rh4 57.Nd5+ Kf7 58.Kf2 Be4 59.Nc3 Bf5 60.
Nd5 Be4 61.Kg3 Rh1 62.Ne3 Kg6 63.Ng4 Bf5 64.Rg8+ Kf7 65.Rg7+ Kf8 66.Ne3 
Be4 67.Rxa7 Rxh6 68.Kf4 Bd3 69.Ng4 Ra6 70.Rc7 Re6 71.Ne5 Re7 72.Rc8+ Re8 
73.Rc5 Bb1 74.Rc1 Bh7 75.Re1 Re7 76.Kg5 Kg7 77.Kf4 Ra7 1/2-1/2

[Event "15th Unive op"]
[Site "Hoogeveen NED"]
[Date "2011.10.20"]
[Round "7.41"]
[White "Majhi, Ankit"]
[Black "Van Laatum, Maarten"]
[Result "1-0"]
[WhiteElo "1760"]
[BlackElo "2115"]
[EventDate "2011.10.14"]
[PlyCount "71"]

1.e4 c5 2.Nf3 e6 3.d4 cxd4 4.Nxd4 a6 5.c4 Qc7 6.Nc3 Nc6 7.Be3 Nf6 8.Qa4 
Bb4 9.Nxc6 Bxc3+ 10.bxc3 bxc6 11.Qc2 c5 12.g3 Nxe4 13.Rb1 f5 14.Bg2 Bb7 
15.O-O O-O 16.f3 Nf6 17.Bf4 Qc6 18.Qb3 Ra7 19.Qb6 Qxb6 20.Rxb6 Kf7 21.Rfb1
Bc6 22.Bd6 Rc8 23.Rb7 Raa8 24.R7b6 Ne8 25.Bxc5 e5 26.Ba3 Ke6 27.Rd1 Rcb8 
28.c5 Nc7 29.Rd6+ Kf7 30.Rbxc6 Nb5 31.Rxd7+ Ke8 32.Rxg7 Nxa3 33.Rxh7 Rb1+ 
34.Bf1 Rd8 35.Rh8+ Ke7 36.Rc7+ 1-0

[Event "15th Unive op"]
[Site "Hoogeveen NED"]
[Date "2011.10.21"]
[Round "8.1"]
[White "Grover, Sahaj"]
[Black "Nyzhnyk, Illya"]
[Result "1/2-1/2"]
[WhiteElo "2514"]
[BlackElo "2561"]
[EventDate "2011.10.14"]
[PlyCount "103"]

1.d4 d5 2.c4 dxc4 3.Nf3 Nf6 4.e3 e6 5.Bxc4 c5 6.O-O a6 7.Bd3 Nc6 8.Nc3 
cxd4 9.exd4 Nb4 10.Bg5 Be7 11.Bxf6 Bxf6 12.Qa4+ Nc6 13.Rad1 Qa5 14.Be4 
Qxa4 15.Nxa4 Bd7 16.d5 exd5 17.Bxd5 O-O-O 18.Bxf7 Bg4 19.Bd5 Nb4 20.h3 Bd7
21.Nc3 Nxd5 22.Nxd5 Bb5 23.Rfe1 Bxb2 24.Ng5 Rhe8 25.Ne6 Rd6 26.Ndc7 Rxd1 
27.Rxd1 Rg8 28.Nxb5 axb5 29.Rb1 Re8 30.Rxb2 Rxe6 31.Rxb5 g6 32.g4 Ra6 33.
Rb2 Ra3 34.Kg2 Kc7 35.f3 Kc6 36.Kg3 g5 37.Rh2 Kd6 38.h4 h6 39.h5 b5 40.
Rd2+ Ke7 41.Rb2 Kf7 42.Kf2 Kg7 43.Rxb5 Rxa2+ 44.Ke3 Ra4 45.Rd5 Rf4 46.Rd7+
Kg8 47.Re7 Rf6 48.Re5 Rf4 49.Rf5 Ra4 50.f4 gxf4+ 51.Rxf4 Ra6 52.Re4 
1/2-1/2

[Event "15th Unive op"]
[Site "Hoogeveen NED"]
[Date "2011.10.21"]
[Round "8.2"]
[White "Lenderman, Aleksandr"]
[Black "Peelen, Piet"]
[Result "1-0"]
[WhiteElo "2562"]
[BlackElo "2354"]
[EventDate "2011.10.14"]
[PlyCount "59"]

1.c4 Nf6 2.Nf3 c5 3.d4 cxd4 4.Nxd4 Nc6 5.Nc3 e6 6.g3 Qb6 7.Nb3 Ne5 8.e4 
Bb4 9.Qe2 a5 10.f4 Ng6 11.e5 a4 12.Nd2 Ng8 13.Nb5 d5 14.exd6 Bxd6 15.Nxd6+
Qxd6 16.Ne4 Qc7 17.f5 N6e7 18.fxe6 Bxe6 19.Bf4 Qa5+ 20.Bd2 Qc7 21.Bc3 Kf8 
22.Qf2 Bf5 23.Qd4 Bxe4 24.Qxe4 a3 25.b3 Nf6 26.Qf3 Nc6 27.O-O-O Re8 28.Bh3
Ne4 29.Rd7 Ng5 30.Qd5 1-0

[Event "15th Unive op"]
[Site "Hoogeveen NED"]
[Date "2011.10.21"]
[Round "8.3"]
[White "Haslinger, Stewart"]
[Black "Baklan, Vladimir"]
[Result "1/2-1/2"]
[WhiteElo "2542"]
[BlackElo "2617"]
[EventDate "2011.10.14"]
[PlyCount "123"]

1.e4 e6 2.d4 d5 3.Nd2 Be7 4.Ngf3 Nf6 5.e5 Nfd7 6.Bd3 c5 7.c3 Nc6 8.O-O Qb6
9.dxc5 Nxc5 10.Bc2 Nd7 11.Re1 O-O 12.Nb3 f5 13.exf6 Nxf6 14.Nbd4 Nxd4 15.
Qxd4 Qxd4 16.cxd4 Bd7 17.Bd2 Rac8 18.Bd3 Bd6 19.Re2 Ne4 20.Bxe4 dxe4 21.
Rxe4 Rc2 22.Bc3 b5 23.a3 a5 24.Bxa5 Rxb2 25.Bc3 Rb3 26.Bb4 Bxb4 27.axb4 
Bc6 28.Rxe6 Bxf3 29.gxf3 Rxb4 30.Ra7 Rxd4 31.Ree7 Kh8 32.Rxg7 Rg8 33.Rxg8+
Kxg8 34.Rb7 Rd5 35.f4 Rf5 36.Kg2 Rxf4 37.Rxb5 Kg7 38.Kg3 Ra4 39.f4 Kg6 40.
Rb6+ Kf5 41.Rb5+ Kg6 42.Kg4 h5+ 43.Kf3 Ra3+ 44.Ke4 h4 45.Rg5+ Kf6 46.Rd5 
Ra2 47.h3 Rh2 48.Rd6+ Ke7 49.Rd3 Kf6 50.Ra3 Rh1 51.Rb3 Re1+ 52.Re3 Rh1 53.
Rf3 Re1+ 54.Re3 Rh1 55.Rc3 Re1+ 56.Kf3 Rg1 57.Kf2 Rg8 58.Rc6+ Kf5 59.Rh6 
Kxf4 60.Rxh4+ Kf5 61.Kf3 Kg6 62.Rb4 1/2-1/2

[Event "15th Unive op"]
[Site "Hoogeveen NED"]
[Date "2011.10.21"]
[Round "8.4"]
[White "Tiviakov, Sergei"]
[Black "Erwich, Frank"]
[Result "1-0"]
[WhiteElo "2647"]
[BlackElo "2365"]
[EventDate "2011.10.14"]
[PlyCount "61"]

1.e4 e5 2.Nf3 Nc6 3.Bc4 Nf6 4.d3 h6 5.O-O g6 6.Re1 Bg7 7.d4 Qe7 8.Nc3 d6 
9.Bb5 O-O 10.Bxc6 bxc6 11.dxe5 dxe5 12.Qd3 Rd8 13.Qc4 Bg4 14.Nd2 Rd4 15.
Qxc6 Rb8 16.Nb3 Rb6 17.Qa8+ Rd8 18.Qxa7 Qe6 19.Be3 Rc6 20.f3 Bxf3 21.gxf3 
Qh3 22.Rad1 Rxd1 23.Nxd1 Rxc2 24.Nd2 Ng4 25.fxg4 Qxg4+ 26.Kf1 Qh3+ 27.Ke2 
Qg4+ 28.Kd3 Rc1 29.Qa4 c6 30.Nf2 Qd7+ 31.Ke2 1-0

[Event "15th Unive op"]
[Site "Hoogeveen NED"]
[Date "2011.10.21"]
[Round "8.5"]
[White "Ernst, Sipke"]
[Black "Nakar, Eylon"]
[Result "1-0"]
[WhiteElo "2581"]
[BlackElo "2268"]
[EventDate "2011.10.14"]
[PlyCount "87"]

1.d4 Nf6 2.Bg5 g6 3.Bxf6 exf6 4.e3 Bg7 5.g3 d6 6.Bg2 O-O 7.Ne2 Nd7 8.c4 f5
9.Nbc3 Nf6 10.b4 Re8 11.Qd3 Qe7 12.Nd5 Nxd5 13.cxd5 a5 14.b5 Bd7 15.O-O 
Rec8 16.Rfc1 a4 17.Rab1 Qd8 18.a3 Ra5 19.Rb4 Qe8 20.Nc3 Bf6 21.Bf1 Rca8 
22.Qc2 Bd8 23.Rcb1 c5 24.dxc6 bxc6 25.Bg2 Be7 26.b6 f4 27.b7 Rb8 28.Rxa4 
Rxa4 29.Qxa4 fxe3 30.fxe3 Bg5 31.Ne4 d5 32.Nxg5 Qxe3+ 33.Kh1 Qxg5 34.Qa5 
Qf5 35.Rf1 Qe6 36.Qc7 Qe8 37.a4 Bf5 38.h4 h5 39.a5 Be4 40.a6 Bxg2+ 41.Kxg2
Qe4+ 42.Rf3 Qe2+ 43.Rf2 Qe4+ 44.Kh2 1-0

[Event "15th Unive op"]
[Site "Hoogeveen NED"]
[Date "2011.10.21"]
[Round "8.6"]
[White "Goudriaan, Etienne"]
[Black "Van Kampen, Robin"]
[Result "0-1"]
[WhiteElo "2250"]
[BlackElo "2529"]
[EventDate "2011.10.14"]
[PlyCount "120"]

1.d4 Nf6 2.c4 e6 3.Nf3 b6 4.g3 Bb7 5.Bg2 c5 6.O-O cxd4 7.Nxd4 Bxg2 8.Kxg2 
Be7 9.Nc3 Qc8 10.Qd3 Nc6 11.Nxc6 Qxc6+ 12.Qf3 Qxf3+ 13.Kxf3 Rc8 14.b3 d5 
15.Nb5 a6 16.Na3 Ne4 17.Kg2 Bf6 18.Rb1 Nc3 19.Rb2 O-O 20.Rc2 b5 21.Bb2 
dxc4 22.Rxc3 Bxc3 23.Bxc3 cxb3 24.Bb4 bxa2 25.Ra1 Rfd8 26.Rxa2 Rd4 27.Rb2 
h6 28.e3 Rd1 29.h4 h5 30.Kf3 e5 31.Ra2 Rd3 32.Nc2 f6 33.Ne1 Rb3 34.Bd2 Rc6
35.Ke4 Rc4+ 36.Kd5 Ra4 37.Rc2 Ra1 38.Ke6 Rd1 39.Nf3 Kh7 40.Ra2 b4 41.Rxa6 
e4 42.Nd4 Ra3 43.Rxa3 bxa3 44.Bc3 Rc1 45.Nb5 a2 46.Bd4 a1=Q 47.Bxa1 Rxa1 
48.Nc3 Ra5 49.Kf7 Re5 50.Ne2 Rc5 51.Nf4 Kh6 52.Ne6 Ra5 53.Nd4 Kh7 54.Ne2 
Ra7+ 55.Ke6 Ra2 56.Nf4 Rxf2 57.Kf7 Rf3 58.Nxh5 Rxe3 59.Nxg7 Rxg3 60.Nf5 
Rf3 0-1

[Event "15th Unive op"]
[Site "Hoogeveen NED"]
[Date "2011.10.21"]
[Round "8.7"]
[White "Brandenburg, Daan"]
[Black "Van Eijk, Sander"]
[Result "1/2-1/2"]
[WhiteElo "2522"]
[BlackElo "2372"]
[EventDate "2011.10.14"]
[PlyCount "34"]

1.e4 c5 2.c3 d5 3.exd5 Qxd5 4.d4 Nc6 5.dxc5 Qxd1+ 6.Kxd1 e5 7.b4 a5 8.Bb5 
Ne7 9.Bd2 Bf5 10.Ne2 Nd5 11.Re1 f6 12.Kc1 g5 13.Kb2 Kf7 14.a3 Be7 15.Rd1 
Be6 16.Be1 Nc7 17.Ba4 Rhd8 1/2-1/2

[Event "15th Unive op"]
[Site "Hoogeveen NED"]
[Date "2011.10.21"]
[Round "8.8"]
[White "Donchenko, Alexander"]
[Black "Zherebukh, Yaroslav"]
[Result "0-1"]
[WhiteElo "2304"]
[BlackElo "2580"]
[EventDate "2011.10.14"]
[PlyCount "128"]

1.d4 Nf6 2.Nf3 e6 3.c4 Nc6 4.Bf4 d6 5.Nc3 g6 6.e4 Bg7 7.Be2 O-O 8.O-O Nd7 
9.Bg5 f6 10.Be3 e5 11.Qd2 f5 12.Bg5 Bf6 13.dxe5 Ndxe5 14.Bh6 Bg7 15.Qd5+ 
Nf7 16.Bxg7 Kxg7 17.exf5 Bxf5 18.Nd4 Bd7 19.Nxc6 bxc6 20.Qd2 Qf6 21.f4 
Rae8 22.Bf3 Nh6 23.g3 Nf5 24.Rae1 Qd4+ 25.Qxd4+ Nxd4 26.Rxe8 Rxe8 27.Kf2 
g5 28.Bd1 gxf4 29.gxf4 Kf6 30.Rg1 Bf5 31.Bf3 a5 32.b3 Bg6 33.Bg4 Bf7 34.
Re1 c5 35.Rg1 c6 36.Bf3 Bg6 37.Bg4 h6 38.Re1 Rxe1 39.Kxe1 h5 40.Bh3 Ne6 
41.Bxe6 Kxe6 42.Ke2 d5 43.Kf3 Bc2 44.Na4 dxc4 45.Nxc5+ Kd5 46.Nb7 Bxb3 47.
Nxa5 Bxa2 48.Ke3 Bb1 49.Kd2 h4 50.Kc3 Bd3 51.f5 Ke5 52.Nxc6+ Kxf5 53.Kd2 
Ke4 54.Nb4 Bf1 55.Nc2 Kf3 56.Ke1 Bd3 57.Nd4+ Kg2 58.Nb5 Kxh2 59.Kf2 Be4 
60.Nc3 Bc6 61.Ne2 Kh3 62.Nf4+ Kg4 63.Ng6 Kg5 64.Ne5 Bd5 0-1

[Event "15th Unive op"]
[Site "Hoogeveen NED"]
[Date "2011.10.21"]
[Round "8.9"]
[White "Popilski, Gil"]
[Black "Vedder, Richard"]
[Result "1-0"]
[WhiteElo "2381"]
[BlackElo "2260"]
[EventDate "2011.10.14"]
[PlyCount "77"]

1.e4 e6 2.d4 d5 3.Nd2 Be7 4.Ngf3 Nf6 5.e5 Nfd7 6.Bd3 c5 7.c3 Nc6 8.O-O Qb6
9.dxc5 Qc7 10.Nb3 Ncxe5 11.Bf4 Nxf3+ 12.Qxf3 Qd8 13.Qg3 O-O 14.Bc7 Qe8 15.
Bb5 a6 16.Ba4 Bd8 17.Be5 f6 18.Bd6 Rf7 19.Rfe1 b5 20.cxb6 Bxb6 21.Bc6 Ra7 
22.Nd4 Bxd4 23.cxd4 Bb7 24.Ba4 Ra8 25.Qb3 Qd8 26.Rxe6 Nf8 27.Bxf8 Qxf8 28.
Rae1 Rc7 29.h3 Kf7 30.Rb6 Qc8 31.Re8 Rc1+ 32.Kh2 Qc7+ 33.g3 Ra7 34.Qe3 Bc8
35.Rf8+ Kg6 36.Be8+ Kf5 37.Rfxf6+ gxf6 38.Qf3+ Kg5 39.Qxf6# 1-0

[Event "15th Unive op"]
[Site "Hoogeveen NED"]
[Date "2011.10.21"]
[Round "8.11"]
[White "Schoorl, Rob"]
[Black "Svane, Rasmus"]
[Result "1/2-1/2"]
[WhiteElo "2276"]
[BlackElo "2351"]
[EventDate "2011.10.14"]
[PlyCount "68"]

1.e4 e6 2.d4 d5 3.e5 c5 4.c3 Nc6 5.Nf3 Bd7 6.Be2 Nge7 7.Na3 cxd4 8.cxd4 
Nf5 9.Nc2 Qb6 10.O-O Rc8 11.h4 Nb4 12.Nxb4 Qxb4 13.a4 Be7 14.g3 O-O 15.Bd2
Qxb2 16.Rb1 Qc2 17.Rxb7 Bxa4 18.Rxa7 Qxd1 19.Bxd1 Bc2 20.Bxc2 Rxc2 21.Rc1 
Rxc1+ 22.Bxc1 Rc8 23.Bg5 Bxg5 24.hxg5 Kf8 25.Kf1 g6 26.g4 Ne7 27.Ke2 Rc3 
28.Ra8+ Kg7 29.Ra4 Nc6 30.Ne1 Rb3 31.Nd3 Rb5 32.f3 h6 33.gxh6+ Kxh6 34.f4 
Na5 1/2-1/2

[Event "15th Unive op"]
[Site "Hoogeveen NED"]
[Date "2011.10.21"]
[Round "8.12"]
[White "Raznikov, Danny"]
[Black "Ootes, Lars"]
[Result "1/2-1/2"]
[WhiteElo "2433"]
[BlackElo "2340"]
[EventDate "2011.10.14"]
[PlyCount "80"]

1.d4 Nf6 2.c4 g6 3.Nc3 Bg7 4.e4 d6 5.Nf3 O-O 6.h3 e5 7.d5 Nh5 8.g3 a5 9.
Be2 Na6 10.Nh2 Nf6 11.Ng4 Nc5 12.Nxf6+ Qxf6 13.h4 Qe7 14.h5 gxh5 15.Be3 f5
16.Rxh5 f4 17.Bxc5 dxc5 18.Qd3 Ra6 19.O-O-O Rg6 20.Rdh1 h6 21.Nd1 Rg5 22.
Kb1 Rf6 23.Rxg5 hxg5 24.Nc3 g4 25.Nb5 f3 26.Bd1 Rh6 27.Rxh6 Bxh6 28.d6 
cxd6 29.Qxd6 Qxd6 30.Nxd6 Be6 31.b3 b6 32.Kc2 Bd7 33.a4 Kf8 34.Nb5 Bxb5 
35.axb5 Ke7 36.Kd3 Bc1 37.Bc2 Kf6 38.Bb1 Kg5 39.Bc2 Kf6 40.Bb1 Kg5 1/2-1/2

[Event "15th Unive op"]
[Site "Hoogeveen NED"]
[Date "2011.10.21"]
[Round "8.13"]
[White "Van Delft, Merijn"]
[Black "Hovenga, Alje"]
[Result "1-0"]
[WhiteElo "2413"]
[BlackElo "2234"]
[EventDate "2011.10.14"]
[PlyCount "185"]

1.e4 c6 2.d4 d5 3.e5 c5 4.Nf3 Nc6 5.c4 e6 6.cxd5 exd5 7.Bb5 Be6 8.O-O Ne7 
9.dxc5 Nf5 10.Qa4 Qc7 11.b4 Be7 12.Nbd2 O-O 13.Bxc6 bxc6 14.Nb3 d4 15.
Nbxd4 Nxd4 16.Nxd4 Bd5 17.Bf4 a5 18.Nf5 axb4 19.Qxb4 Rfb8 20.Qd4 Be6 21.
Nxe7+ Qxe7 22.a4 Rd8 23.Qc3 Ra6 24.h3 Rda8 25.a5 Qh4 26.Qd2 h6 27.Rfd1 
R6a7 28.Qb4 Qh5 29.Rd2 Qg6 30.Kh2 Bd5 31.f3 Qe6 32.Qc3 Qf5 33.Bg3 Qe6 34.
Rb2 Bc4 35.Rb4 Bd5 36.Rd4 Rb8 37.Rb4 Rba8 38.Rb2 Bc4 39.Ra4 Bb5 40.Ra3 Bc4
41.Be1 Rd7 42.Ra4 Bb5 43.Re4 Rd3 44.Qc1 Rd5 45.Qe3 Rad8 46.f4 Rd3 47.Qf2 
f5 48.Re3 R3d5 49.Rd2 Bd3 50.Rg3 Kh7 51.h4 Qe7 52.h5 Qh4+ 53.Rh3 Qxf2 54.
Bxf2 Be4 55.Rxd5 Bxd5 56.Ra3 Ra8 57.Kh3 g5 58.hxg6+ Kxg6 59.Be1 Ra7 60.Ra1
Kf7 61.Rb1 Ke6 62.Rb8 Rg7 63.Rb2 Bc4 64.Rd2 Bd5 65.Bh4 Rb7 66.Bd8 Rb4 67.
Rf2 Ra4 68.Kh4 Kf7 69.Bc7 Ra1 70.Rb2 Ra4 71.Kg3 Ra3+ 72.Kh2 Ke6 73.Rb7 Ra2
74.Bd8 Bxg2 75.Kg3 Bf1 76.Rh7 Kd5 77.Rxh6 Ke4 78.Rh2 Ra3+ 79.Kh4 Bc4 80.
Kg5 Rg3+ 81.Kf6 Rg8 82.Bc7 Re8 83.Rh3 Re6+ 84.Kg5 Re7 85.Bd6 Rg7+ 86.Kf6 
Rf7+ 87.Kg6 Ra7 88.Ra3 Be6 89.Kf6 Kd5 90.Ra1 Rf7+ 91.Kg6 Ra7 92.a6 Bc8 93.
Kf6 1-0

[Event "15th Unive op"]
[Site "Hoogeveen NED"]
[Date "2011.10.21"]
[Round "8.14"]
[White "Bezemer, Arno J"]
[Black "Slingerland, Fred"]
[Result "1/2-1/2"]
[WhiteElo "2351"]
[BlackElo "2379"]
[EventDate "2011.10.14"]
[PlyCount "39"]

1.e4 c5 2.Nf3 Nc6 3.d4 cxd4 4.Nxd4 Nf6 5.Nc3 d6 6.Bc4 Bd7 7.O-O g6 8.Nxc6 
Bxc6 9.Nd5 Bg7 10.Bg5 Bxd5 11.exd5 O-O 12.Re1 Rc8 13.Bb3 b5 14.Qd3 Qd7 15.
a4 b4 16.a5 Rc7 17.Re2 h6 18.Bd2 Rb8 19.Rae1 Qd8 20.Qh3 1/2-1/2

[Event "15th Unive op"]
[Site "Hoogeveen NED"]
[Date "2011.10.21"]
[Round "8.15"]
[White "Van Assendelft, Floris"]
[Black "Lambrechts, Koen"]
[Result "0-1"]
[WhiteElo "2376"]
[BlackElo "2233"]
[EventDate "2011.10.14"]
[PlyCount "126"]

1.e4 c6 2.d4 d5 3.Nc3 dxe4 4.Nxe4 Bf5 5.Nc5 b6 6.Nb3 e6 7.Nf3 Nf6 8.h3 
Nbd7 9.g4 Bg6 10.Bg2 Qc7 11.Qe2 Be7 12.Ne5 Nd5 13.Nxg6 hxg6 14.c4 Bb4+ 15.
Kf1 Ne7 16.Bg5 Kf8 17.c5 bxc5 18.a3 c4 19.axb4 cxb3 20.Bxe7+ Kxe7 21.b5 
Rhd8 22.Bxc6 Rab8 23.Kg2 Nb6 24.Qe5 Qxe5 25.dxe5 Nc4 26.Rxa7+ Kf8 27.Rc1 
Nxe5 28.f4 Nd3 29.Rc3 Nxf4+ 30.Kf3 Nd3 31.Ke3 Nxb2 32.Rxb3 Nc4+ 33.Kf4 
Rd4+ 34.Kg3 Ne5 35.Bg2 Rd3+ 36.Rxd3 Nxd3 37.Ra8 Rxa8 38.Bxa8 Ke7 39.Kf3 
Kd6 40.Ke3 Ne5 41.Kd4 g5 42.Bg2 Nd7 43.Bf1 Nb6 44.Bg2 g6 45.Bc6 Nd7 46.Bg2
f5 47.Bf1 e5+ 48.Kc4 Nb6+ 49.Kd3 Kc5 50.Ke3 Nd5+ 51.Kf2 Nc3 52.Bd3 e4 53.
Bc4 Nxb5 54.Bf7 Kd4 55.Bxg6 f4 56.Be8 Nc3 57.Bc6 Nd5 58.Bb7 Ne7 59.Ba6 Ng6
60.Ke2 Nh4 61.Bb7 f3+ 62.Kf2 e3+ 63.Kg3 e2 0-1

[Event "15th Unive op"]
[Site "Hoogeveen NED"]
[Date "2011.10.21"]
[Round "8.16"]
[White "Afek, Yochanan"]
[Black "De Jong, Migchiel"]
[Result "0-1"]
[WhiteElo "2299"]
[BlackElo "2370"]
[EventDate "2011.10.14"]
[PlyCount "92"]

1.e4 c5 2.Nf3 e6 3.c3 d5 4.exd5 exd5 5.d4 a6 6.Bg5 Be7 7.Bxe7 Qxe7+ 8.Be2 
Nf6 9.O-O O-O 10.Re1 Be6 11.dxc5 Qxc5 12.Qd4 Qc7 13.Nbd2 Nc6 14.Qh4 Bf5 
15.Nb3 Ne4 16.Rad1 Rad8 17.Nfd4 Bg6 18.Bh5 Ne5 19.Re3 Rd6 20.Be2 Nc4 21.
Bxc4 dxc4 22.Nc1 Nc5 23.f4 Be4 24.b4 cxb3 25.axb3 f5 26.b4 Na4 27.Nce2 Nb2
28.Re1 Rh6 29.Qf2 Nd3 30.Rxd3 Bxd3 31.Qe3 Be4 32.Ng3 Rhf6 33.Nxe4 fxe4 34.
f5 Re8 35.g4 Qe5 36.Rf1 g6 37.Rf4 Kh8 38.Rf2 gxf5 39.gxf5 Rg8+ 40.Kf1 Rg4 
41.Ke2 b6 42.Kf1 a5 43.b5 a4 44.Ra2 Rf8 45.Rxa4 Qxh2 46.Ne2 Qh1+ 0-1

[Event "15th Unive op"]
[Site "Hoogeveen NED"]
[Date "2011.10.21"]
[Round "8.17"]
[White "Willemze, Thomas"]
[Black "Grant, Jonathan"]
[Result "1-0"]
[WhiteElo "2370"]
[BlackElo "2209"]
[EventDate "2011.10.14"]
[PlyCount "63"]

1.e4 c6 2.d4 d5 3.f3 dxe4 4.fxe4 e5 5.Nf3 Bg4 6.c3 Nd7 7.Bd3 Ngf6 8.O-O 
Bd6 9.h3 Bh5 10.Nbd2 b5 11.a4 a6 12.Qe1 O-O 13.Nh4 Nc5 14.Be2 Bxe2 15.Qxe2
Nxa4 16.Nf5 Re8 17.Qf3 Bf8 18.Nb3 Ra7 19.Bg5 Re6 20.dxe5 Rxe5 21.Rad1 Qb6+
22.Be3 c5 23.Qg3 Re6 24.e5 Ne8 25.Rf2 Rg6 26.Qf3 Qe6 27.Na5 Qxe5 28.Nc6 
Rxc6 29.Qxc6 Nf6 30.Rd8 Qe4 31.Qxe4 Nxe4 32.Nh6+ 1-0

[Event "15th Unive op"]
[Site "Hoogeveen NED"]
[Date "2011.10.21"]
[Round "8.18"]
[White "Wagner, Dennis"]
[Black "Klein, David"]
[Result "1/2-1/2"]
[WhiteElo "2290"]
[BlackElo "2359"]
[EventDate "2011.10.14"]
[PlyCount "150"]

1.d4 e6 2.c4 Nf6 3.g3 c5 4.d5 exd5 5.cxd5 d6 6.Nc3 g6 7.Bg2 Bg7 8.Nf3 O-O 
9.O-O Re8 10.Bf4 a6 11.a4 Nh5 12.Bg5 Bf6 13.Bxf6 Nxf6 14.Nd2 Nbd7 15.e4 
Rb8 16.a5 Qc7 17.b3 b5 18.axb6 Rxb6 19.f4 Rb4 20.Nc4 Nb6 21.Na5 Rd4 22.Qc2
Bd7 23.Rfe1 Nbxd5 24.Nxd5 Nxd5 25.Nc4 Nb4 26.Qc3 Bb5 27.Ne3 Rd3 28.Qb2 f5 
29.Bf1 fxe4 30.Ng4 Qg7 31.Qxg7+ Kxg7 32.Bxd3 Nxd3 33.Re3 d5 34.Nf2 Nxf2 
35.Kxf2 d4 36.Ree1 e3+ 37.Kf3 e2 38.Kf2 Re3 39.Rac1 Rxb3 40.Rxc5 d3 41.Ke3
Kf6 42.g4 Ke6 43.Re5+ Kd6 44.Re4 a5 45.Rc1 Rb4 46.Rxb4 axb4 47.Kd2 Kd5 48.
Rb1 Kc4 49.f5 gxf5 50.gxf5 b3 51.f6 Be8 52.Rc1+ Kb4 53.Kxd3 b2 54.Re1 Kb3 
55.Kxe2 Kc2 56.Ke3 b1=Q 57.Rxb1 Kxb1 58.Kf4 Kc2 59.Ke5 Kd3 60.Ke6 Ke4 61.
f7 Bxf7+ 62.Kxf7 Kf5 63.Ke7 h5 64.Kd6 Ke4 65.h4 Kd4 66.Ke6 Ke4 67.Kd6 Kf4 
68.Kd5 Kg4 69.Ke4 Kxh4 70.Kf4 Kh3 71.Kf3 h4 72.Kf2 Kh2 73.Kf1 h3 74.Kf2 
Kh1 75.Kf1 h2 1/2-1/2

[Event "15th Unive op"]
[Site "Hoogeveen NED"]
[Date "2011.10.21"]
[Round "8.19"]
[White "Gieben, Stijn"]
[Black "Van der Wiel, John"]
[Result "1/2-1/2"]
[WhiteElo "1940"]
[BlackElo "2459"]
[EventDate "2011.10.14"]
[PlyCount "57"]

1.e4 c5 2.Nf3 d6 3.d4 cxd4 4.Nxd4 Nf6 5.Nc3 Nc6 6.Nxc6 bxc6 7.Bd3 g6 8.O-O
Bg7 9.Qf3 O-O 10.Rb1 Be6 11.b3 Nd7 12.Bb2 Qa5 13.Be2 Rab8 14.Qe3 d5 15.Na4
Bxb2 16.Rxb2 Rb4 17.exd5 cxd5 18.c3 Re4 19.Qd2 Rc8 20.Rc1 Nf6 21.Bf3 Re5 
22.Qd4 Rf5 23.Bd1 Qc7 24.g3 Bd7 25.b4 e5 26.Qd3 Bxa4 27.Bxa4 e4 28.Qd4 Rf3
29.Bd1 1/2-1/2

[Event "15th Unive op"]
[Site "Hoogeveen NED"]
[Date "2011.10.21"]
[Round "8.20"]
[White "Mellema, Andries"]
[Black "Okkes, Menno"]
[Result "0-1"]
[WhiteElo "2182"]
[BlackElo "2386"]
[EventDate "2011.10.14"]
[PlyCount "84"]

1.e4 c5 2.Nf3 Nc6 3.d4 cxd4 4.Nxd4 Nf6 5.Nc3 d6 6.g3 g6 7.Nde2 Bg7 8.Bg2 
O-O 9.O-O Rb8 10.h3 b5 11.Be3 a5 12.Nd4 Nxd4 13.Bxd4 b4 14.Nd5 Nxd5 15.
Bxg7 Ne3 16.Qd3 Nxf1 17.Bxf8 Qxf8 18.Bxf1 Qg7 19.c3 bxc3 20.bxc3 Be6 21.
Qd2 Rc8 22.Rc1 Qe5 23.Bg2 Qc5 24.Qb2 a4 25.a3 Rc6 26.Qb4 Qa7 27.Bf1 Rb6 
28.Bb5 Qb7 29.c4 Qxe4 30.Re1 Qb7 31.Rxe6 fxe6 32.Qxa4 Qc7 33.Qa8+ Rb8 34.
Qe4 e5 35.Qd5+ Kg7 36.a4 Qa5 37.Qe6 Rf8 38.f4 Qa7+ 39.Kg2 exf4 40.gxf4 
Rxf4 41.Qe1 e5 42.a5 Qa8+ 0-1

[Event "15th Unive op"]
[Site "Hoogeveen NED"]
[Date "2011.10.21"]
[Round "8.21"]
[White "Meurs, Tom WA"]
[Black "Yamada, Kohei"]
[Result "1/2-1/2"]
[WhiteElo "2217"]
[BlackElo "2093"]
[EventDate "2011.10.14"]
[PlyCount "31"]

1.e4 e6 2.d4 d5 3.exd5 exd5 4.c4 Nf6 5.Nc3 Be7 6.Bd3 O-O 7.Nge2 c6 8.O-O 
dxc4 9.Bxc4 Nbd7 10.Bb3 Re8 11.d5 cxd5 12.Nxd5 Nc5 13.Nef4 Nxb3 14.Qxb3 
Nxd5 15.Nxd5 Be6 16.Rd1 1/2-1/2

[Event "15th Unive op"]
[Site "Hoogeveen NED"]
[Date "2011.10.21"]
[Round "8.22"]
[White "Sekandar, Kambiz"]
[Black "Duijker, Rick"]
[Result "0-1"]
[WhiteElo "1922"]
[BlackElo "2214"]
[EventDate "2011.10.14"]
[PlyCount "112"]

1.e4 c5 2.c3 d6 3.d4 Nf6 4.Bd3 cxd4 5.cxd4 g6 6.Ne2 Bg7 7.O-O O-O 8.Nbc3 
Nc6 9.Be3 Ng4 10.Bg5 h6 11.Bh4 Nxd4 12.Nxd4 Bxd4 13.Be2 Bf6 14.Bg3 Ne5 15.
f4 Nc6 16.f5 Qb6+ 17.Kh1 Qxb2 18.e5 Bxe5 19.Bxe5 dxe5 20.fxg6 Qxc3 21.
gxf7+ Kh8 22.Qb1 Qd2 23.Qe4 Qg5 24.Rf3 Nd4 25.Bd3 Bf5 26.Qxe5+ Qf6 27.Rxf5
Nxf5 28.Qxf6+ exf6 29.Bxf5 Rxf7 30.h3 Kg7 31.Rd1 Re7 32.Bg4 Rae8 33.Kh2 
Re5 34.Bf3 R8e7 35.Rd2 f5 36.Kg3 b6 37.Kf4 Kf6 38.Rd6+ R7e6 39.Rd7 Ra5 40.
Rd2 Ra4+ 41.Kg3 Kg5 42.Rc2 f4+ 43.Kh2 Kf6 44.h4 Rd4 45.Kh3 a5 46.Kg4 a4 
47.Rb2 Red6 48.Kh5 Rd2 49.Rb4 Rxa2 50.Kxh6 a3 51.h5 Kf5+ 52.Kg7 Rb2 53.Ra4
Rd7+ 54.Kg8 Rd8+ 55.Kg7 Rbd2 56.Bc6 Rc8 0-1

[Event "15th Unive op"]
[Site "Hoogeveen NED"]
[Date "2011.10.21"]
[Round "8.23"]
[White "Law, Nicky"]
[Black "Maris, Ivo"]
[Result "1/2-1/2"]
[WhiteElo "2208"]
[BlackElo "1998"]
[EventDate "2011.10.14"]
[PlyCount "139"]

1.Nf3 Nf6 2.c4 g6 3.Nc3 d5 4.cxd5 Nxd5 5.g3 Bg7 6.Bg2 O-O 7.O-O Nb6 8.d3 
Nc6 9.Be3 Nb4 10.Qd2 Re8 11.Bh6 Bh8 12.Ng5 N4d5 13.Rac1 c6 14.h3 a5 15.e4 
Nb4 16.a3 Na6 17.Ne2 Nd7 18.d4 e5 19.d5 Nf6 20.f4 cxd5 21.fxe5 Rxe5 22.Qf4
Qe7 23.Nc3 d4 24.Nxf7 Kxf7 25.Nd5 Rxd5 26.exd5 Qe3+ 27.Qxe3 dxe3 28.g4 g5 
29.Bxg5 Kg6 30.Bxe3 h6 31.d6 Bd7 32.Bxb7 Re8 33.Ba7 Bb5 34.Rfe1 Rxe1+ 35.
Rxe1 Nd7 36.a4 Bc4 37.b3 Bd3 38.Re3 Nac5 39.Bxc5 Nxc5 40.Rxd3 Nxb7 41.d7 
Bf6 42.Kf2 Bd8 43.Rd5 Kf7 44.Rh5 Kg6 45.Rb5 Nd6 46.Rb8 Nf7 47.Ke3 Kf6 48.
Kd4 Ke6 49.Kc5 Kxd7 50.Kb5 Nd6+ 51.Ka6 Kc7 52.Rxd8 Kxd8 53.Kxa5 Kc7 54.h4 
Nf7 55.Ka6 Kb8 56.Kb6 Ne5 57.g5 h5 58.b4 Ng6 59.a5 Nxh4 60.a6 Ng6 61.a7+ 
Ka8 62.Ka6 Nf8 63.g6 Ne6 64.b5 Nc7+ 65.Ka5 Ne6 66.Ka6 Nc7+ 67.Kb6 Ne6 68.
Kc6 Kxa7 69.Kd6 Ng7 70.Kc7 1/2-1/2

[Event "15th Unive op"]
[Site "Hoogeveen NED"]
[Date "2011.10.21"]
[Round "8.24"]
[White "Van Dorp, Folke"]
[Black "Knol, Geon"]
[Result "1/2-1/2"]
[WhiteElo "2050"]
[BlackElo "2137"]
[EventDate "2011.10.14"]
[PlyCount "99"]

1.d4 c6 2.c4 b5 3.cxb5 cxb5 4.e4 Bb7 5.Nd2 b4 6.Ngf3 e6 7.Bd3 a5 8.b3 Nf6 
9.Qe2 Be7 10.O-O d5 11.exd5 Nxd5 12.Ne4 Nd7 13.Bd2 h6 14.Rfc1 O-O 15.Ne5 
N5f6 16.Nc6 Bxc6 17.Rxc6 Nxe4 18.Bxe4 Nf6 19.Bf3 Qxd4 20.Rac1 Rad8 21.Be3 
Qd3 22.Qxd3 Rxd3 23.Ra6 Nd5 24.Be4 Rc3 25.Bxd5 Rxc1+ 26.Bxc1 exd5 27.Rxa5 
Rd8 28.Bd2 d4 29.f4 d3 30.Kf2 Bf6 31.Ke1 Bc3 32.Kd1 Re8 33.Rd5 Bxd2 34.
Kxd2 Re2+ 35.Kxd3 Rxg2 36.Rh5 Rxa2 37.Kc4 Re2 38.Kxb4 Re4+ 39.Kc5 Rxf4 40.
b4 Rf2 41.Kc6 Rc2+ 42.Rc5 Rxh2 43.b5 Re2 44.Rd5 g5 45.b6 Kg7 46.b7 Re8 47.
Kc7 g4 48.Rd8 Re7+ 49.Rd7 Re8 50.Rd8 1/2-1/2